Flaggen der schweizer Kantone - Statistiken

Allgemein
  • Dieses Quiz wurde 144 mal gespielt
  • Das Durchschnittsergebnis liegt bei 20 aus 26
Antwortstatistiken
Bildquiz Antwort % Korrekt
Uri
94%
Bern
90%
Schwyz
85%
Zürich
85%
Graubünden
84%
Glarus
82%
Luzern
82%
Schaffhausen
82%
Appenzell Innerrhoden
81%
Basel-Stadt
81%
St. Gallen
81%
Aargau
79%
Appenzell Ausserrhoden
79%
Freiburg
79%
Wallis
79%
Neuenburg
77%
Tessin
77%
Thurgau
77%
Zug
77%
Obwalden
74%
Waadt
73%
Nidwalden
71%
Solothurn
71%
Genf
69%
Jura
69%
Basel-Landschaft
60%
Keine übereinstimmenden Quizze gefunden
Verteilung der Resultate
Anzahl Personen mit jedem Resultat
Perzentil nach korrekt beantworteten Fragen
Ihre Resultats-Entwicklung
Sie haben dieses Quiz noch nicht gespielt